Регионална библиотека "Любен Каравелов" - Русе

Српске народне приповиjетке, загонетке и пословице (Запис номер 344309)

MARC детайли
000 -Лидер
Контролно поле с фиксирана дължина 01387nam a2200277 c 4500
003 - Код на организацията, давaща контролен номер
Контролно поле BLK
005 - Дата и час на последна редакция
Контролно поле 20191007115210.0
008 - Елементи от данни с фиксирана дължина
fixed length control field 180911b bul|||||r ||||||| ||bul||
010 ## - Наследен системен номер
LC control number 003974
040 ## - Източник на каталожния запис
Идентификатор на билиотеката - собственик на записа BLK
041 ## - Код за език
Код за езика на текст/звукозапис или на отделно заглавие Сръбски
Код за езика КДБФ Български
080 ## - УДК
УДК - код + определител 886.1-34886.1-845886.1-84
100 1# - Редна дума - Автор
Автор КАРАДЖИЧ, Вук
Авторска отговорност първи автор
R(LIN) 396880
245 00 - Сведения за заглавието
Заглавие Српске народне приповиjетке, загонетке и пословице
Том Кн. 1. Српске народне приповиjетке и загонетке
246 ## - Различни форми на заглавието
Паралелно заглавие Кн. 1-
260 ## - Област на издателските данни
Място на издаване, разпространение и проч. Београд
Име на издателя, разпространителя и проч. Штамп. краль. Србиjе
Година на издаване 1897
Дата на отпечатване 18971907
300 ## - Физическа характеристика
Страници ХVI, 424 с
Размери/Мащаб 23 см
380 ## - Жанр
Жанр Литературознание
490 ## - СЕРИИ (Колекции)
Име на серия Вукова дjела
490 ## - СЕРИИ (Колекции)
Име на серия Частна колекция - Академик Михаил Арнаудов
Бележки за серията Дарение - Основен фонд
655 ## - Ключова дума – жанр/разновидност
Данни за жанр/разновидност или ключова дума за фокус сръбска литература
700 1# - Други автори (авторска отговорност)
Лично име Вук Стеф. Караджич
9 (RLIN) 399229
852 ## - Местоположение
Форматна сигнатура МА 2741
999 ## - СИСТЕМНИ КОНТРОЛНИ НОМЕРА
Koha biblionumber 344309
Koha biblioitemnumber 344309
942 ## - АРТИКУЛИ
Вид на библиотечния материал Книги
Скрит в OPAC Не
Периодичен библиозапис Да
944 ## - СЪЗДАВАНЕ И РЕДАКЦИЯ на ЗАПИСА
Създаване/Редакция Създаване
Дата на регистрацията/редакция 1997
Служител, извършил регистрацията/редакцията ValK
999 ## - СИСТЕМНИ КОНТРОЛНИ НОМЕРА
Koha biblioitemnumber 344309
Наличности
Код за отписване Код за изгубен артикул Източник на класификационната схема Код за повреда Коз за рестрикции Код за отдаване Артикулен № Име на библиотеката - собственик Име на библиотеката, в която се намира в момента Статус (Текущо местоположение) Местоположение - отдел Цена в лева Номерация (Хронология) Инвентарен номер Систематично азбучна сигнатура Баркод Номер на екземпляра Цена в евро Служебен тип на артикула
  Не е изгубен Universal Decimal Classification Не е повреден без рестрикции Специални фондове ( старопечатни, редки и ценни, фонд М. Арнаудов) 744699 Регионална библиотека "Любен Каравелов" Русе Регионална библиотека "Любен Каравелов" Русе Фонд "Михаил Арнаудов" Фонд "Михаил Арнаудов" 45.00   588825 МА 2741 120000588825 1 23.01 Книги
  Не е изгубен Universal Decimal Classification Не е повреден без рестрикции Специални фондове ( старопечатни, редки и ценни, фонд М. Арнаудов) 744700 Регионална библиотека "Любен Каравелов" Русе Регионална библиотека "Любен Каравелов" Русе Фонд "Михаил Арнаудов" Фонд "Михаил Арнаудов" 45.00   588826 МА 2741 120000588826 2 23.01 Книги
Vip Innovations Ltd, Rousse, Bulgaria 2025